00235nam a2200097Ia 4500008004100000100001800041245003400059260001800093260000900111999001700120170617s9999 xx 000 0 und d aKAR- ASHUTOSH 0aCHEMESTRY OF NATURAL PRODUCTS bN. DELHI- CBS c2012 c15905d15905